|
|
|
|
| LEADER |
00000nab a2200000 a 4500 |
| 001 |
vtls000812573 |
| 003 |
SK-MaSNL |
| 005 |
20260426103737.0 |
| 008 |
161006c2001 xo 0 slo |
| 015 |
|
|
|a SNBRA2002/11-35449
|
| 035 |
|
|
|a CLN000164228
|
| 040 |
|
|
|a SNKBUCL
|b slo
|c SNKBUCL
|e AACR2
|
| 041 |
0 |
|
|a slo
|
| 044 |
|
|
|a xo
|c SK
|
| 080 |
|
|
|a 69.024(437.6):69.059.38:728.1.011.1
|2 1997
|
| 080 |
|
|
|a 69.059.38(437.6)
|2 1997
|
| 080 |
|
|
|a 728.1.011.1(437.6)
|2 1997
|
| 100 |
1 |
|
|a Antalová, Libuša,
|d 1937-2009
|4 aut
|9 7722
|
| 245 |
1 |
0 |
|a Skúsenosti s projektovaním strešných nadstavieb
|c Libuša Antalová, Ľuba Selcová
|
| 504 |
|
|
|a Bibliogr. odkazy
|
| 504 |
|
|
|a Res. angl.
|
| 650 |
0 |
7 |
|a domy obytné
|x nadstavby strešné
|z Bratislava (Slovensko)
|x projektovanie
|2 snkbucl
|9 1601424
|
| 650 |
0 |
7 |
|a strechy
|x typy
|2 snkbucl
|9 1601425
|
| 650 |
0 |
7 |
|a nadstavby strešné
|2 snkbucl
|9 989293
|
| 651 |
|
7 |
|a Bratislava (Slovensko)
|2 snkbucl
|9 14568
|
| 655 |
|
7 |
|a články zo zborníkov
|2 snkbucl
|9 166140
|
| 700 |
1 |
|
|a Selcová, Ľubica,
|d 1963-
|4 aut
|9 255268
|
| 773 |
0 |
|
|z 8023201980
|t Rekonštrukcia a sanácia striech 2
|d Košice : Dom techniky ZSVTS, 2001
|g S. 61-64
|
| 850 |
|
|
|a Slovenská národná knižnica v Martine
|
| 852 |
|
|
|a SNK
|b KIS3GCP
|
| 958 |
|
|
|a SK
|
| 958 |
|
|
|a NB
|
| 999 |
|
|
|c 3295555
|d 3297485
|